The Last of Us Season 1 - Characters by Picture - Statistics

General Stats
  • This quiz has been taken 210 times
  • The average score is 12 of 20
Answer Stats
Picture Answer % Correct
Ellie Williams
100%
Joel Miller
100%
Tommy Miller
95%
Sarah
94%
Tess
93%
Bill
89%
Marlene
83%
Sam
82%
Frank
80%
Henry
77%
Riley
75%
Maria Miller
72%
David
62%
James(Troy Baker)
38%
Anna(Ashley Johnson)
34%
Kathleen
23%
Perry
8%
Ratna
6%
Florence
4%
Marlon
3%
No matching quizzes found
Score Distribution
Percent of People with Each Score
Percentile by Number Answered
Your Score History
You have not taken this quiz